<?xml version="1.0" encoding="UTF-8"?>
<record
    xmlns:xsi="http://www.w3.org/2001/XMLSchema-instance"
    xsi:schemaLocation="http://www.loc.gov/MARC21/slim http://www.loc.gov/standards/marcxml/schema/MARC21slim.xsd"
    xmlns="http://www.loc.gov/MARC21/slim">

  <leader>00478nam a2200181Ia 4500</leader>
  <controlfield tag="008">220805s9999    xx            000 0 und d</controlfield>
  <datafield tag="020" ind1=" " ind2=" ">
    <subfield code="a">978-81-7223-036-2</subfield>
  </datafield>
  <datafield tag="041" ind1=" " ind2=" ">
    <subfield code="a">eng</subfield>
  </datafield>
  <datafield tag="082" ind1=" " ind2=" ">
    <subfield code="a">658.4092</subfield>
  </datafield>
  <datafield tag="100" ind1=" " ind2=" ">
    <subfield code="a">Blanchard, Kenneth</subfield>
    <subfield code="9">88758</subfield>
  </datafield>
  <datafield tag="260" ind1=" " ind2=" ">
    <subfield code="a">New Delhi</subfield>
    <subfield code="b">Harper collins</subfield>
    <subfield code="c">2003</subfield>
  </datafield>
  <datafield tag="245" ind1=" " ind2=" ">
    <subfield code="a">Leadership and the one minute manager</subfield>
  </datafield>
  <datafield tag="250" ind1=" " ind2=" ">
    <subfield code="a">1</subfield>
  </datafield>
  <datafield tag="300" ind1=" " ind2=" ">
    <subfield code="a">110</subfield>
  </datafield>
  <datafield tag="650" ind1=" " ind2=" ">
    <subfield code="a">Leadership</subfield>
    <subfield code="9">88759</subfield>
  </datafield>
  <datafield tag="650" ind1=" " ind2=" ">
    <subfield code="a">management</subfield>
    <subfield code="9">88760</subfield>
  </datafield>
  <datafield tag="700" ind1=" " ind2=" ">
    <subfield code="a">Zigarmi, Patricia</subfield>
    <subfield code="9">88761</subfield>
  </datafield>
  <datafield tag="999" ind1=" " ind2=" ">
    <subfield code="c">48835</subfield>
    <subfield code="d">48835</subfield>
  </datafield>
  <datafield tag="952" ind1=" " ind2=" ">
    <subfield code="0">0</subfield>
    <subfield code="1">0</subfield>
    <subfield code="4">0</subfield>
    <subfield code="7">0</subfield>
    <subfield code="8">Reading</subfield>
    <subfield code="a">MNVT</subfield>
    <subfield code="b">MNVT</subfield>
    <subfield code="d">2022-08-09</subfield>
    <subfield code="e">Donated</subfield>
    <subfield code="g">95.00</subfield>
    <subfield code="o">658.4092/BLA/DB1466</subfield>
    <subfield code="p">MNVT-DB-1466</subfield>
    <subfield code="r">2022-08-09 00:00:00</subfield>
    <subfield code="w">2022-08-09</subfield>
    <subfield code="y">DB</subfield>
    <subfield code="z">DB1466</subfield>
  </datafield>
</record>
